| 000 | 00359nam a22001337a 4500 | ||
|---|---|---|---|
| 999 |
_c17343 _d17343 |
||
| 008 | 181023b xxu||||| |||| 00| 0 eng d | ||
| 020 | _a9384007270 | ||
| 050 |
_aSD373 _b.H46 2012 c.1 |
||
| 100 | _aHendee, John C. | ||
| 245 |
_aIntroduction to Forests and Renewable Resources _cJohn C. Hendee |
||
| 250 | _a7th ed. | ||
| 300 | _axv, 480p. | ||
| 942 |
_2lcc _cBK |
||